Missing Word: Movies HA - HZ Quiz Stats

 Plays Quiz Updated Feb 7, 2018

Challenge
Share
Tweet
Embed
Score 0/26 Timer 04:00
0 Plays Today
Movie Answer % Correct
(A) Home ___Alone
99.7%
(G) The Hunger ___Games
98.7%
(P) Hocus ___Pocus
97.7%
(L) The Hurt ___Locker
94.1%
(N) High ___Noon
91.7%
(Y) Hercules in New ___York
90.7%
(D) Hello, ___!Dolly
89.4%
(K) The Heartbreak ___Kid
88.5%
(V) Honeymoon in ___Vegas
87.6%
(W) The Horse ___Whisperer
87.2%
(I) Holiday ___Inn
85.3%
(E) Howards ___End
83.7%
(B) Horrible ___Bosses
82.1%
Movie Answer % Correct
(R) Heartbreak ___Ridge
77.5%
(U) Hanging ___Up
76.6%
(F) Hot ___Fuzz
72.8%
(M) Hollow ___Man
71.7%
(O) Hide-___Out
66.3%
(X) Household ___X
59.8%
(H) Hudson ___Hawk
58%
(J) Henry and ___June
57.2%
(Z) Horror of the ___Zombies
50.8%
(T) Harsh ___Times
49.3%
(S) High ___Sierra
45.4%
(C) Heavenly ___Creatures
45.2%
(Q) Highlander II: The ___Quickening
31.4%

Today's Daily Dose

You're not logged in!

Compare scores with friends on all Sporcle quizzes.
OR
Log In

You Might Also Like...

Show Comments

Extras

Top Quizzes Today


Score Distribution

Your Account Isn't Verified!

In order to create a playlist on Sporcle, you need to verify the email address you used during registration. Go to your Sporcle Settings to finish the process.

Report this User

Report this user for behavior that violates our Community Guidelines.

Details: